[Event "2. Open Patrimonio de la Humanidad"]
[Site "Alcalá de Henares ESP"]
[Date "2007.10.13"]
[Round "8.10"]
[White "Moreno Ruiz, Javier"]
[Black "Ruano Marco, Javier"]
[Result "1-0"]
[WhiteElo "2466"]
[BlackElo "2177"]
[PlyCount "95"]
[EventDate "2007.10.07"]
[EventType "swiss"]
[EventRounds "9"]
[EventCountry "ESP"]
[Source "lmi"]
[SourceDate "2007.10.07"]

1. d4 Nf6 2. c4 g6 3. Nc3 Bg7 4. e4 d6 5. Nf3 O-O 6. Be2 e5 7. Be3 Ng4 8. Bg5
f6 9. Bc1 Nc6 10. d5 Ne7 11. h3 Nh6 12. h4 Nf7 13. h5 g5 14. Nd2 f5 15. g4 f4
16. b4 c6 17. Nb3 Bd7 18. a4 a6 19. a5 b5 20. axb6 Qxb6 21. Na4 Qxb4+ 22. Bd2
Qb7 23. Na5 Qa7 24. Rh3 Rab8 25. Kf1 f3 26. Bxf3 Nh6 27. Be3 Qc7 28. Nc3 Rxf3
29. Qxf3 Bxg4 30. Qg3 Bxh3+ 31. Qxh3 g4 32. Qh4 cxd5 33. Bxh6 Bxh6 34. Qxg4+
Kh8 35. Qe6 Ng8 36. Qxd5 Rf8 37. Ra2 Qe7 38. Ke1 Qg5 39. Ne2 Qxh5 40. Ng3 Qg5
41. Nb3 Nf6 42. Qxd6 Nxe4 43. Nxe4 Qg1+ 44. Ke2 Qg4+ 45. Kf1 Qxe4 46. Qxh6
Qxc4+ 47. Re2 Rd8 48. Qf6+ 1-0

[Event "2. Open Patrimonio de la Humanidad"]
[Site "Alcalá de Henares ESP"]
[Date "2007.10.13"]
[Round "8.11"]
[White "Ramos Aldoradin, John Paul"]
[Black "Roa Alonso, Santiago"]
[Result "0-1"]
[WhiteElo "2129"]
[BlackElo "2451"]
[PlyCount "47"]
[EventDate "2007.10.07"]
[EventType "swiss"]
[EventRounds "9"]
[EventCountry "ESP"]
[Source "lmi"]
[SourceDate "2007.10.07"]

1. Nf3 Nf6 2. g3 d5 3. Bg2 c6 4. O-O Bg4 5. d3 e6 6. Nbd2 Be7 7. e3 O-O 8. Qe2
c5 9. h3 Bh5 10. e4 Nc6 11. c3 Qc7 12. Re1 b5 13. e5 Nd7 14. g4 Bg6 15. Nf1 c4
16. d4 b4 17. Bf4 bxc3 18. bxc3 Qa5 19. Qe3 Ba3 20. Ng3 Bb2 21. Rac1 Rab8 22.
Nh4 Bxc1 23. Rxc1 Qxa2 24. Bh6 0-1

[Event "2. Open Patrimonio de la Humanidad"]
[Site "Alcalá de Henares ESP"]
[Date "2007.10.13"]
[Round "8.12"]
[White "Iturrizaga, Eduardo"]
[Black "Rabadan Velasco, Raul"]
[Result "1-0"]
[WhiteElo "2435"]
[BlackElo "2307"]
[PlyCount "65"]
[EventDate "2007.10.07"]
[EventType "swiss"]
[EventRounds "9"]
[EventCountry "ESP"]
[Source "lmi"]
[SourceDate "2007.10.07"]

1. g3 d5 2. Bg2 Nc6 3. d4 Nf6 4. Nf3 Bf5 5. c4 e6 6. O-O Nb4 7. Na3 c6 8. Nh4
Bg6 9. Bf4 Bd6 10. Bd2 Na6 11. c5 Bb8 12. Qb3 Qe7 13. Rae1 O-O 14. Bg5 Qd7 15.
Bxf6 gxf6 16. f4 Be4 17. Bxe4 dxe4 18. e3 f5 19. Nc4 Qc8 20. Kh1 Bc7 21. Rg1
Kh8 22. Qc3 f6 23. g4 Qd7 24. gxf5 exf5 25. Qb3 b5 26. Qa3 bxc4 27. Qxa6 Rab8
28. Re2 Rb5 29. Reg2 Bd8 30. Qa4 Qf7 31. Nxf5 Qh5 32. Qxc4 Qf3 33. Nh4 1-0

[Event "2. Open Patrimonio de la Humanidad"]
[Site "Alcalá de Henares ESP"]
[Date "2007.10.13"]
[Round "8.13"]
[White "Sanchez Gonzalez, Sergio"]
[Black "Gongora Reyes, Maikel"]
[Result "0-1"]
[WhiteElo "2177"]
[BlackElo "2410"]
[PlyCount "58"]
[EventDate "2007.10.07"]
[EventType "swiss"]
[EventRounds "9"]
[EventCountry "ESP"]
[Source "lmi"]
[SourceDate "2007.10.07"]

1. e4 e5 2. Nf3 Nc6 3. d4 exd4 4. Nxd4 Nf6 5. Nxc6 bxc6 6. e5 Qe7 7. Qe2 Nd5 8.
c4 Nb6 9. Nd2 a5 10. b3 a4 11. Bb2 axb3 12. axb3 Rxa1+ 13. Bxa1 Qa3 14. Qd1 Bb4
15. Bd3 Qa5 16. Bd4 O-O 17. Be3 Qxe5 18. O-O d6 19. Nf3 Qh5 20. Qc2 c5 21. Ng5
f5 22. Nh3 Qf7 23. Be2 Bb7 24. Ng5 Qf6 25. Bf3 Bxf3 26. Nxf3 h6 27. Bc1 Bc3 28.
Bd2 Bxd2 29. Qxd2 g5 0-1

[Event "2. Open Patrimonio de la Humanidad"]
[Site "Alcalá de Henares ESP"]
[Date "2007.10.13"]
[Round "8.14"]
[White "Barez Menendez, Hector"]
[Black "Valles Moreno, Ivan"]
[Result "0-1"]
[WhiteElo "2169"]
[BlackElo "2402"]
[PlyCount "92"]
[EventDate "2007.10.07"]
[EventType "swiss"]
[EventRounds "9"]
[EventCountry "ESP"]
[Source "lmi"]
[SourceDate "2007.10.07"]

1. e4 c5 2. Nf3 Nc6 3. d3 e6 4. g3 d5 5. Nbd2 Nf6 6. Bg2 Be7 7. O-O O-O 8. Re1
b5 9. e5 Nd7 10. Nf1 a5 11. h4 b4 12. Bf4 a4 13. a3 Rb8 14. N1h2 bxa3 15. bxa3
Ba6 16. Ng5 Qe8 17. c4 Nb6 18. cxd5 Nxd5 19. Bxd5 exd5 20. e6 f6 21. Nf7 Rb3
22. Qg4 g6 23. Bh6 Nd4 24. Bxf8 Qxf8 25. Nf3 Rxd3 26. Nxd4 Rxd4 27. Qf3 Bd3 28.
Qe3 Qb8 29. Rad1 Qb3 30. Nd8 Be4 31. Rxd4 cxd4 32. Qxd4 Qf3 33. Kf1 Qd3+ 34.
Qxd3 Bxd3+ 35. Kg2 Bxd8 36. Rc1 Kf8 37. Rc8 Ke7 38. Ra8 Bc2 39. Ra6 Bb3 40.
Ra7+ Ke8 41. Rxh7 Be7 42. Rg7 Bc2 43. g4 Bxa3 44. h5 gxh5 45. gxh5 Bf8 46. Ra7
a3 0-1

[Event "2. Open Patrimonio de la Humanidad"]
[Site "Alcalá de Henares ESP"]
[Date "2007.10.13"]
[Round "8.16"]
[White "Arribas Lopez, Angel"]
[Black "Lopez-andujar Ocaña, Antonio"]
[Result "1-0"]
[WhiteElo "2312"]
[BlackElo "2162"]
[PlyCount "77"]
[EventDate "2007.10.07"]
[EventType "swiss"]
[EventRounds "9"]
[EventCountry "ESP"]
[Source "lmi"]
[SourceDate "2007.10.07"]

1. e4 e5 2. Nf3 Nf6 3. d3 Nc6 4. g3 d5 5. Nbd2 dxe4 6. dxe4 Bc5 7. Bg2 O-O 8.
O-O Be6 9. c3 Qd3 10. Ne1 Qd7 11. Qe2 a5 12. Nef3 Rfe8 13. Nc4 Bxc4 14. Qxc4
Bb6 15. Bg5 Qe6 16. Qxe6 Rxe6 17. Rae1 h6 18. Bc1 Rd6 19. h3 Rad8 20. Nh4 Ne7
21. Kh2 Rd3 22. f4 exf4 23. gxf4 c6 24. c4 Nh5 25. Bf3 g6 26. f5 Bc7+ 27. e5
R3d4 28. Ng2 f6 29. Bxh5 gxh5 30. Nf4 Bxe5 31. Rxe5 fxe5 32. Ne6 Rd1 33. Rf2
Nxf5 34. Nxd8 Ne7 35. Bd2 Ng6 36. Nxb7 Ra1 37. Nxa5 c5 38. a3 Rb1 39. Bc3 1-0

[Event "2. Open Patrimonio de la Humanidad"]
[Site "Alcalá de Henares ESP"]
[Date "2007.10.13"]
[Round "8.17"]
[White "Lacrosse, Marc"]
[Black "Pascual Palomo, Lucia"]
[Result "1-0"]
[WhiteElo "2254"]
[BlackElo "2104"]
[PlyCount "37"]
[EventDate "2007.10.07"]
[EventType "swiss"]
[EventRounds "9"]
[EventCountry "ESP"]
[Source "lmi"]
[SourceDate "2007.10.07"]

1. d4 e6 2. c4 Nf6 3. Nf3 b6 4. a3 Bb7 5. Nc3 d5 6. cxd5 exd5 7. Qa4+ c6 8. g3
Bd6 9. Bg2 O-O 10. O-O Nbd7 11. Bf4 Bxf4 12. gxf4 Nh5 13. e3 f5 14. Kh1 c5 15.
Ng5 Qc8 16. Nxd5 Re8 17. Qc4 Kh8 18. Nf7+ Kg8 19. Nd6 1-0

[Event "2. Open Patrimonio de la Humanidad"]
[Site "Alcalá de Henares ESP"]
[Date "2007.10.13"]
[Round "8.18"]
[White "De La Fuente Gonzalez, Francisco"]
[Black "Paniagua Tineo, Arturo"]
[Result "1/2-1/2"]
[WhiteElo "2233"]
[BlackElo "2049"]
[PlyCount "77"]
[EventDate "2007.10.07"]
[EventType "swiss"]
[EventRounds "9"]
[EventCountry "ESP"]
[Source "lmi"]
[SourceDate "2007.10.07"]

1. c4 e5 2. Nc3 Nf6 3. g3 Bb4 4. Bg2 Bxc3 5. dxc3 d6 6. Nf3 Nc6 7. O-O O-O 8.
b4 Rb8 9. Qa4 Nd7 10. b5 Nb6 11. Qc2 Na5 12. c5 Nbc4 13. Ng5 g6 14. cxd6 Nxd6
15. a4 Kg7 16. f4 Qe7 17. e4 h6 18. f5 f6 19. Nh3 g5 20. Ba3 Nac4 21. Bc1 b6
22. Nf2 a6 23. Qe2 axb5 24. axb5 Bd7 25. Rb1 Qf7 26. Bf3 Be8 27. h4 Nxb5 28.
Rb3 Ncd6 29. Qc2 Bc6 30. hxg5 hxg5 31. Ng4 Nxe4 32. Bxe4 Bxe4 33. Qxe4 Qxb3 34.
Bxg5 Qxc3 35. Bh6+ Kh8 36. Be3 Kg7 37. Bh6+ Kh8 38. Be3 Kg7 39. Bh6+ 1/2-1/2

[Event "2. Open Patrimonio de la Humanidad"]
[Site "Alcalá de Henares ESP"]
[Date "2007.10.13"]
[Round "8.19"]
[White "Ivanovitch Balsinde, Nicolas M"]
[Black "Sanchez, Nicolas"]
[Result "0-1"]
[WhiteElo "2151"]
[BlackElo "2201"]
[PlyCount "108"]
[EventDate "2007.10.07"]
[EventType "swiss"]
[EventRounds "9"]
[EventCountry "ESP"]
[Source "lmi"]
[SourceDate "2007.10.07"]

1. e4 g6 2. d4 Bg7 3. Nc3 d6 4. Be3 a6 5. Qd2 b5 6. f3 Nd7 7. Nge2 Bb7 8. a3
Rc8 9. d5 c6 10. dxc6 Bxc6 11. Nd4 Bb7 12. a4 b4 13. Nd5 a5 14. Bb5 Ngf6 15.
Nf5 gxf5 16. Bb6 Nxd5 17. Bxd8 Bxb2 18. O-O Kxd8 19. exd5 Bxa1 20. Rxa1 Rg8 21.
Bxd7 Kxd7 22. Qd3 Rc5 23. Qxf5+ Ke8 24. Rd1 Rg6 25. h4 h6 26. Rd2 Rf6 27. Qg4
Rg6 28. Qh3 Bc8 29. Qh2 Bd7 30. Qf4 Rf6 31. Qe4 Bxa4 32. Re2 e6 33. dxe6 Rxe6
34. Qa8+ Ke7 35. Qa7+ Kf6 36. Rd2 Rxc2 37. Rxc2 Bxc2 38. Qxa5 b3 39. Qc3+ Ke7
40. Qc7+ Kf8 41. Qc3 Kg8 42. Qb4 d5 43. Qb8+ Kh7 44. Qf8 Bg6 45. Qb4 Re1+ 46.
Kf2 Rb1 47. g4 b2 48. h5 Rf1+ 49. Kg2 Rg1+ 50. Kh2 Rh1+ 51. Kg2 b1=Q 52. hxg6+
Kxg6 53. Qd6+ Kg7 54. Qe5+ Kh7 0-1

[Event "2. Open Patrimonio de la Humanidad"]
[Site "Alcalá de Henares ESP"]
[Date "2007.10.13"]
[Round "8.20"]
[White "Serafimov, Tervel"]
[Black "Adan Bermudez, Sergio"]
[Result "1-0"]
[WhiteElo "2379"]
[BlackElo "2054"]
[PlyCount "71"]
[EventDate "2007.10.07"]
[EventType "swiss"]
[EventRounds "9"]
[EventCountry "ESP"]
[Source "lmi"]
[SourceDate "2007.10.07"]

1. c4 c5 2. g3 g6 3. Bg2 Bg7 4. Nc3 Nc6 5. a3 e6 6. Rb1 a5 7. Nf3 Nge7 8. h4 d5
9. d3 h6 10. O-O O-O 11. e4 d4 12. Na4 Qd6 13. e5 Nxe5 14. Nxe5 Bxe5 15. Bxh6
Bg7 16. Bd2 Rb8 17. Bxa5 b6 18. Bd2 Bd7 19. b4 cxb4 20. Bxb4 Qc7 21. Nxb6 Rxb6
22. Bxe7 Rfb8 23. Rxb6 Qxb6 24. c5 Qa6 25. h5 Bc6 26. Bd6 Bxg2 27. Kxg2 Qb7+
28. Kg1 Rc8 29. hxg6 fxg6 30. Qg4 Kf7 31. Re1 Qd5 32. Re4 Rh8 33. Qf3+ Ke8 34.
Rf4 Rh5 35. Rf8+ Bxf8 36. Qxf8+ 1-0

[Event "2. Open Patrimonio de la Humanidad"]
[Site "Alcalá de Henares ESP"]
[Date "2007.10.13"]
[Round "8.21"]
[White "Rubio Mejia, Luis Ignacio"]
[Black "Sanchez-Alarcos Galian, Victor"]
[Result "1-0"]
[WhiteElo "2327"]
[BlackElo "2020"]
[PlyCount "161"]
[EventDate "2007.10.07"]
[EventType "swiss"]
[EventRounds "9"]
[EventCountry "ESP"]
[Source "lmi"]
[SourceDate "2007.10.07"]

1. d4 d5 2. c4 c6 3. e3 Nf6 4. Nc3 e6 5. Nf3 Nbd7 6. Qc2 Be7 7. Bd3 O-O 8. O-O
h6 9. Rd1 b6 10. e4 dxe4 11. Nxe4 Qc7 12. g3 Nxe4 13. Bxe4 Bb7 14. Bf4 Bd6 15.
Bxd6 Qxd6 16. c5 Qc7 17. b4 b5 18. a4 a6 19. Nd2 Nf6 20. Bg2 Nd5 21. Qb2 Rfb8
22. Ne4 Bc8 23. a5 Bd7 24. Nd6 Nf6 25. Re1 Ne8 26. Ne4 Qd8 27. Rad1 Nf6 28. Nd2
Rc8 29. Nf3 Ra7 30. Ne5 Be8 31. h4 Nd5 32. Be4 Nc7 33. Qc2 Nd5 34. Qd2 Ne7 35.
Bc2 f6 36. Nf3 Bh5 37. Qd3 Bg6 38. Qb3 Bxc2 39. Qxc2 Qd5 40. Re4 Qf5 41. Qe2
Nd5 42. g4 Qg6 43. h5 Qf7 44. Qe1 Re8 45. Nh4 Rb7 46. Nf5 Rd7 47. Nd6 Rxd6 48.
cxd6 Qd7 49. Rc1 Qxd6 50. Rc5 Kf7 51. Qd2 Ke7 52. Re1 Kd7 53. Rec1 Rc8 54. Rb1
Qf4 55. Qxf4 Nxf4 56. Kf1 Nd5 57. Ke2 Re8 58. Kd3 e5 59. dxe5 Rxe5 60. Rc2 Kd6
61. Rd2 f5 62. gxf5 Rxf5 63. Rg1 Rxh5 64. Rxg7 Nxb4+ 65. Ke4+ Nd5 66. Ra7 Rh4+
67. Kf5 Ra4 68. Rxa6 h5 69. Kg5 h4 70. f4 Kc5 71. f5 Nc3 72. Rh2 Ne4+ 73. Kg6
Nd6 74. Rc2+ Kb4 75. Raxc6 Nxf5 76. Kxf5 Kxa5 77. Ke5 Ra3 78. Kd4 b4 79. Kc4 h3
80. Rc5+ Ka4 81. Rc8 1-0

[Event "2. Open Patrimonio de la Humanidad"]
[Site "Alcalá de Henares ESP"]
[Date "2007.10.13"]
[Round "8.22"]
[White "Lymar, Irina"]
[Black "Tejedor Ariza, Francisco"]
[Result "1/2-1/2"]
[WhiteElo "2264"]
[BlackElo "1987"]
[PlyCount "44"]
[EventDate "2007.10.07"]
[EventType "swiss"]
[EventRounds "9"]
[EventCountry "ESP"]
[Source "lmi"]
[SourceDate "2007.10.07"]

1. d4 d5 2. Nf3 Nf6 3. c4 e6 4. Nc3 Nbd7 5. Bg5 Be7 6. e3 c6 7. Rc1 O-O 8. Bd3
dxc4 9. Bxc4 Nd5 10. Bxe7 Qxe7 11. O-O Nxc3 12. Rxc3 e5 13. dxe5 Nxe5 14. Nxe5
Qxe5 15. f4 Qf6 16. f5 b5 17. Bb3 Rd8 18. Rd3 Ba6 19. Rxd8+ Rxd8 20. Qe2 c5 21.
Rd1 c4 22. Bc2 Qb6 1/2-1/2

[Event "2. Open Patrimonio de la Humanidad"]
[Site "Alcalá de Henares ESP"]
[Date "2007.10.13"]
[Round "8.23"]
[White "Arauz Alonso, Fernando"]
[Black "Sanchez Rojo, Gustavo"]
[Result "0-1"]
[WhiteElo "1965"]
[BlackElo "2257"]
[PlyCount "64"]
[EventDate "2007.10.07"]
[EventType "swiss"]
[EventRounds "9"]
[EventCountry "ESP"]
[Source "lmi"]
[SourceDate "2007.10.07"]

1. Nf3 Nf6 2. d4 g6 3. b3 Bg7 4. Bb2 b6 5. e3 Bb7 6. Be2 O-O 7. O-O d6 8. c4
Nbd7 9. Nc3 Ne4 10. Nxe4 Bxe4 11. Nd2 Bb7 12. Bf3 c6 13. b4 e5 14. b5 Qc7 15.
bxc6 Bxc6 16. Rc1 f5 17. Bxc6 Qxc6 18. Qb3 Kh8 19. Nf3 h6 20. Rfd1 Qc7 21. dxe5
dxe5 22. Rd5 Nc5 23. Qc2 e4 24. Ne5 Kh7 25. Rcd1 Rad8 26. Qd2 Rxd5 27. Qxd5 Re8
28. f4 exf3 29. Nd7 Rd8 30. Bxg7 Rxd7 31. Qxf3 Rxd1+ 32. Qxd1 Qxg7 0-1

[Event "2. Open Patrimonio de la Humanidad"]
[Site "Alcalá de Henares ESP"]
[Date "2007.10.13"]
[Round "8.24"]
[White "Serafimov, Dimitar"]
[Black "Cuadrado Lopez, Francisco Javier"]
[Result "1-0"]
[WhiteElo "2168"]
[BlackElo "1952"]
[PlyCount "95"]
[EventDate "2007.10.07"]
[EventType "swiss"]
[EventRounds "9"]
[EventCountry "ESP"]
[Source "lmi"]
[SourceDate "2007.10.07"]

1. c4 e5 2. g3 Nf6 3. Bg2 Nc6 4. Nc3 Bc5 5. e3 d6 6. Nge2 O-O 7. O-O Re8 8. d3
a6 9. h3 Ne7 10. e4 Ng6 11. Kh2 c6 12. Qe1 Nh5 13. Bf3 Nf6 14. Ng1 h6 15. Be3
Bxe3 16. Qxe3 Nf8 17. Bg2 Ne6 18. Nge2 b5 19. Rae1 b4 20. Nd1 Bd7 21. f4 c5 22.
Rg1 Rb8 23. Qd2 a5 24. Ref1 Bc6 25. Ne3 Nh7 26. Rf2 Nf6 27. Nf5 Kh7 28. Rgf1
Rg8 29. Ng1 Nd4 30. fxe5 dxe5 31. Nxh6 Nxe4 32. dxe4 gxh6 33. Rxf7+ Rg7 34. Qf2
Qg5 35. Nf3 Nxf3+ 36. Qxf3 Rd8 37. h4 Qg6 38. Rf6 Qe8 39. Qf5+ Kg8 40. Re6 Qd7
41. Qxe5 Bb7 42. Rff6 Qd4 43. Re8+ Rxe8 44. Qxe8+ Kh7 45. Rf8 Rd7 46. e5 Bxg2
47. Rh8+ Kg7 48. Qg8# 1-0

[Event "2. Open Patrimonio de la Humanidad"]
[Site "Alcalá de Henares ESP"]
[Date "2007.10.13"]
[Round "8.25"]
[White "Ortega Morales, Pedro"]
[Black "Gago Padreny, Ignacio"]
[Result "0-1"]
[WhiteElo "1944"]
[BlackElo "2157"]
[PlyCount "82"]
[EventDate "2007.10.07"]
[EventType "swiss"]
[EventRounds "9"]
[EventCountry "ESP"]
[Source "lmi"]
[SourceDate "2007.10.07"]

1. d4 Nf6 2. Bf4 d5 3. e3 c5 4. c3 Nc6 5. Bd3 Qb6 6. Qb3 c4 7. Qxb6 axb6 8. Bc2
b5 9. Na3 e5 10. dxe5 Bxa3 11. bxa3 Ne4 12. Ne2 Rxa3 13. Bxe4 dxe4 14. Kd2 O-O
15. Kc2 Bg4 16. Nd4 Rfa8 17. Nxc6 bxc6 18. Rhb1 Rxa2+ 19. Rxa2 Rxa2+ 20. Rb2
Ra1 21. Rb1 Ra8 22. h3 Be2 23. Kb2 Rc8 24. Ka3 Bd3 25. Rb2 Bf1 26. f3 exf3 27.
gxf3 Bxh3 28. Rh2 Be6 29. Kb4 Rd8 30. e4 Rd3 31. Rd2 h5 32. Rxd3 cxd3 33. Kc5
h4 34. Kd4 Bc4 35. Ke3 c5 36. Kd2 b4 37. cxb4 cxb4 38. Be3 h3 39. Bg1 Bb5 40.
f4 b3 41. Kc3 Ba4 0-1

[Event "2. Open Patrimonio de la Humanidad"]
[Site "Alcalá de Henares ESP"]
[Date "2007.10.13"]
[Round "8.26"]
[White "Valbuena Mota, Alejandro"]
[Black "Collado Barbas, Laura"]
[Result "1-0"]
[WhiteElo "2129"]
[BlackElo "1940"]
[PlyCount "85"]
[EventDate "2007.10.07"]
[EventType "swiss"]
[EventRounds "9"]
[EventCountry "ESP"]
[Source "lmi"]
[SourceDate "2007.10.07"]

1. d4 d5 2. c4 e6 3. Nf3 c6 4. e3 Nd7 5. Nbd2 f5 6. Bd3 Nh6 7. Qc2 Bd6 8. b3
O-O 9. Bb2 Qf6 10. h3 Nf7 11. O-O-O Ng5 12. Nxg5 Qxg5 13. g4 Nf6 14. Rdg1 Ne4
15. gxf5 Qe7 16. Nxe4 dxe4 17. Bxe4 exf5 18. Bd3 Ba3 19. h4 Bxb2+ 20. Kxb2 Qf6
21. Kb1 Bd7 22. Rg5 Rae8 23. Rhg1 Re7 24. h5 a6 25. Qd2 b5 26. cxb5 cxb5 27.
Bc2 Be6 28. f4 Bd7 29. Qg2 Rff7 30. Qh3 Rf8 31. Rg6 Qf7 32. Rxg7+ Qxg7 33.
Rxg7+ Rxg7 34. Qf3 Re7 35. b4 Rf6 36. Bb3+ Kf8 37. Qd5 Be6 38. Qd8+ Kf7 39. d5
Bxd5 40. Bxd5+ Rfe6 41. Bxe6+ Rxe6 42. Qd7+ Kf6 43. Qxh7 1-0

[Event "2. Open Patrimonio de la Humanidad"]
[Site "Alcalá de Henares ESP"]
[Date "2007.10.13"]
[Round "8.27"]
[White "Bote Kobolo, Benjamin"]
[Black "Caravaca Aguirre, Antonio"]
[Result "0-1"]
[WhiteElo "1894"]
[BlackElo "2102"]
[PlyCount "118"]
[EventDate "2007.10.07"]
[EventType "swiss"]
[EventRounds "9"]
[EventCountry "ESP"]
[Source "lmi"]
[SourceDate "2007.10.07"]

1. e4 c5 2. Nc3 Nc6 3. Bc4 g6 4. d3 Bg7 5. a4 e6 6. Be3 Nd4 7. h3 Ne7 8. Nge2
d5 9. exd5 exd5 10. Ba2 Be6 11. Nf4 O-O 12. O-O Rc8 13. Nxe6 Nxe6 14. Bd2 Qd7
15. Re1 Rfd8 16. Rc1 b6 17. Qg4 a6 18. h4 b5 19. h5 c4 20. hxg6 hxg6 21. dxc4
dxc4 22. Be3 Nf5 23. Bb6 Re8 24. Rcd1 Qc6 25. a5 Bxc3 26. bxc3 Nc5 27. Qh3 Kg7
28. Qh2 Re4 29. Rxe4 Qxe4 30. Bb1 Qe2 31. Rf1 Rh8 32. Qf4 Ne6 33. Qf3 Rh1+ 34.
Kxh1 Qxf1+ 35. Kh2 Qxb1 36. g4 Nh6 37. g5 Nf5 38. Qe4 Qc1 39. Qe5+ Kg8 40. Qb8+
Kh7 41. Qe8 Qf4+ 42. Kg1 Qg4+ 43. Kf1 Qd1+ 44. Kg2 Nf4+ 45. Kh2 Qh5+ 46. Kg1
Qg4+ 47. Kf1 Qd1+ 48. Qe1 Qxe1+ 49. Kxe1 Ne6 50. Ke2 Nxg5 51. Bd8 Ne4 52. f3
Nxc3+ 53. Kd2 Nd5 54. c3 Kg7 55. Kc2 f6 56. Kd2 Kf7 57. f4 Ke8 58. Bb6 Nxb6 59.
axb6 Kd7 0-1

[Event "2. Open Patrimonio de la Humanidad"]
[Site "Alcalá de Henares ESP"]
[Date "2007.10.13"]
[Round "8.28"]
[White "Vilarnovo Caamaño, Jose"]
[Black "Garcia Serrano, Jose Manuel"]
[Result "1/2-1/2"]
[WhiteElo "2101"]
[BlackElo "1867"]
[PlyCount "32"]
[EventDate "2007.10.07"]
[EventType "swiss"]
[EventRounds "9"]
[EventCountry "ESP"]
[Source "lmi"]
[SourceDate "2007.10.07"]

1. e4 e5 2. Nc3 Nf6 3. Nf3 Nc6 4. d4 exd4 5. Nxd4 Bb4 6. Nxc6 bxc6 7. Bd3 d5 8.
e5 d4 9. a3 dxc3 10. axb4 Nd5 11. bxc3 Qh4 12. Qd2 Qg4 13. O-O O-O 14. c4 Ne7
15. f3 Qd4+ 16. Kh1 Qxa1 1/2-1/2

[Event "2. Open Patrimonio de la Humanidad"]
[Site "Alcalá de Henares ESP"]
[Date "2007.10.13"]
[Round "8.31"]
[White "Spitzer Isbert, Ramon"]
[Black "Crespo Villalba, Israel"]
[Result "1/2-1/2"]
[WhiteElo "2106"]
[BlackElo "1952"]
[PlyCount "144"]
[EventDate "2007.10.07"]
[EventType "swiss"]
[EventRounds "9"]
[EventCountry "ESP"]
[Source "lmi"]
[SourceDate "2007.10.07"]

1. g3 d6 2. d4 g6 3. Bg2 Bg7 4. Nf3 Nf6 5. O-O O-O 6. Nbd2 Nbd7 7. c3 c6 8. e4
e5 9. dxe5 dxe5 10. Re1 Qc7 11. Bf1 b5 12. a4 bxa4 13. Qxa4 Bb7 14. Qa5 Ne8 15.
Nc4 c5 16. Qxc7 Nxc7 17. Na5 Bc8 18. Nc6 Bb7 19. Na5 Bc8 20. Bg5 h6 21. Be7 Re8
22. Bd6 Ne6 23. Bb5 Nef8 24. Rad1 a6 25. Ba4 Re6 26. Bb3 Rf6 27. Kg2 Nh7 28. h4
Bf8 29. Bxe5 Rxf3 30. Rxd7 Rxf2+ 31. Kxf2 Bxd7 32. Kg2 Re8 33. Bf4 g5 34. hxg5
hxg5 35. Bc1 Kg7 36. Bc4 g4 37. Rf1 f6 38. Rd1 Bb5 39. Bd5 Be2 40. Re1 Bf3+ 41.
Kf2 Re5 42. Nc4 Rh5 43. Ke3 Kg6 44. Kd3 Rh3 45. Bf4 Bh6 46. Bd6 Bf8 47. Bc7 Ng5
48. Ra1 Rh2 49. Rxa6 Be2+ 50. Ke3 Bh6 51. Bf4 Bf1 52. Ra1 Re2+ 53. Kd3 Re1+ 54.
Kc2 Rxa1 55. Ne3 Bb5 56. Nxg4 c4 57. Ne3 Ba4+ 58. Kd2 Bb3 59. Bc6 Nf3+ 60. Ke2
Ng1+ 61. Kf2 Nh3+ 62. Kf3 Nxf4 63. gxf4 Rb1 64. e5 fxe5 65. Be4+ Kf6 66. Bxb1
Bxf4 67. Be4 Bxe3 68. Kxe3 Kg5 69. Bh7 Kf6 70. Bg8 Ke7 71. Bd5 Kd6 72. Be4 Kc5
1/2-1/2

[Event "2. Open Patrimonio de la Humanidad"]
[Site "Alcalá de Henares ESP"]
[Date "2007.10.13"]
[Round "8.32"]
[White "Vazquez Gonzalez, Jesus"]
[Black "Rodriguez Diaz, Alberto Jose"]
[Result "1-0"]
[WhiteElo "2049"]
[BlackElo "1938"]
[PlyCount "157"]
[EventDate "2007.10.07"]
[EventType "swiss"]
[EventRounds "9"]
[EventCountry "ESP"]
[Source "lmi"]
[SourceDate "2007.10.07"]

1. e4 e5 2. Nf3 Nc6 3. Nc3 Nf6 4. Nxe5 Nxe5 5. d4 Ng6 6. e5 Bb4 7. exf6 Qxf6 8.
Bc4 c6 9. O-O d5 10. Re1+ Be6 11. Bf1 O-O 12. g3 Rfe8 13. Be3 Ne7 14. Bg2 Nf5
15. a3 Nxe3 16. Rxe3 Bd6 17. Qd2 Bd7 18. Rae1 Rxe3 19. fxe3 Qh6 20. Qf2 Bh3 21.
Bxh3 Qxh3 22. e4 dxe4 23. Nxe4 Be7 24. Qf4 Qe6 25. Re3 Qd7 26. c3 Rf8 27. h4 h6
28. Qe5 Rd8 29. Kg2 f5 30. Nc5 Bxc5 31. Qxc5 f4 32. Qc4+ Kh8 33. Rf3 fxg3 34.
Qf7 Kh7 35. h5 Qd5 36. Qg6+ Kg8 37. Kxg3 Qd6+ 38. Qxd6 Rxd6 39. Kg4 g6 40. hxg6
Rxg6+ 41. Kh5 Rg2 42. b4 Kg7 43. a4 a6 44. a5 Rg1 45. Re3 Rh1+ 46. Kg4 Kf7 47.
Kf5 Rf1+ 48. Ke5 Ke7 49. d5 cxd5 50. Kxd5+ Kd7 51. Re5 Rf6 52. c4 Rd6+ 53. Kc5
Rc6+ 54. Kd4 Re6 55. Rh5 Kd6 56. b5 axb5 57. cxb5 Kc7 58. Rc5+ Kd7 59. Rf5 Re7
60. Kc5 Kc7 61. b6+ Kd7 62. Rd5+ Kc8 63. Kb5 Re1 64. Rc5+ Kb8 65. Rf5 Rb1+ 66.
Kc5 Rc1+ 67. Kd6 Rc8 68. Kd7 Rh8 69. Rh5 Rh7+ 70. Ke8 Kc8 71. Rc5+ Kb8 72. Rd5
Rh8+ 73. Kf7 Rc8 74. Kg7 Rc1 75. Kxh6 Kc8 76. Kg7 Re1 77. Kf7 Re2 78. Rc5+ Kd8
79. Kf6 1-0

[Event "2. Open Patrimonio de la Humanidad"]
[Site "Alcalá de Henares ESP"]
[Date "2007.10.13"]
[Round "8.33"]
[White "Muñoz Sanchez, Daniel"]
[Black "Alvarez Escudero, Manuel"]
[Result "1-0"]
[WhiteElo "2046"]
[BlackElo "1936"]
[PlyCount "63"]
[EventDate "2007.10.07"]
[EventType "swiss"]
[EventRounds "9"]
[EventCountry "ESP"]
[Source "lmi"]
[SourceDate "2007.10.07"]

1. e4 e6 2. d3 c5 3. Nd2 Nc6 4. Ngf3 Be7 5. g3 b6 6. Bg2 Bb7 7. O-O Qc7 8. c3
d5 9. a4 Nf6 10. Re1 dxe4 11. dxe4 O-O 12. e5 Nd7 13. Qe2 Rad8 14. Nf1 Ndb8 15.
Bg5 Bxg5 16. Nxg5 h6 17. Nf3 Na5 18. N3d2 Bxg2 19. Kxg2 Rd7 20. Qg4 Nbc6 21. f4
Rfd8 22. Ne4 Kh7 23. Rad1 Nc4 24. b3 N4a5 25. Nfd2 Ne7 26. Nd6 Nb7 27. N2e4 Nf5
28. Nxf5 exf5 29. Qxf5+ g6 30. Rxd7 Rxd7 31. Nf6+ Kh8 32. Qxd7 1-0